000 00617nam a2200169 i 4500
001 100633
003 ES-MaACL
005 20230906182719.0
007 t|
008 051004s1979 sp ||||1| gao d
245 0 0 _aMaside
_b: un pintor para unha terra /
_c[autores: Isaac Díaz Pardo... [et al.]; limiar: Pedro de Llano].
260 _aSantiago de Compostela :
_bColexio Oficial de Arquitectos de Galicia,
_c1979.
300 _a219 p. con 31 lám. :
_bil. ;
_c21 cm.
700 1 _aDíaz Pardo, Isaac.
_944381
710 2 _aColegio Oficial de Arquitectos de Galicia.
_92957
852 _aES-MaACL
_jA-10446
_bR.99731
999 _c100633
_d100633